[Event "Nordic-chT U13"]
[Site "Fredericia"]
[Date "2023.01.21"]
[Round "3.1"]
[White "Andries, Leia"]
[Black "Skramstad, Oda Kofoed"]
[Result "0-1"]
[WhiteElo "1458"]
[BlackElo "1502"]
[PlyCount "88"]
[EventDate "2023.01.20"]
[EventType "team-tourn"]
[EventRounds "5"]
[EventCountry "DEN"]
[SourceTitle "CBM 213 Extra"]
[Source "ChessBase"]
[SourceDate "2023.05.31"]
[SourceVersion "1"]
[SourceVersionDate "2023.05.31"]
[SourceQuality "1"]
[WhiteTeam "Denmark II"]
[BlackTeam "Norway"]
[WhiteTeamCountry "DEN"]
[BlackTeamCountry "NOR"]

1. e4 e5 2. Nf3 Nc6 3. d4 exd4 4. Nxd4 Bc5 5. Nb3 Bb6 6. Nc3 Qf6 7. Qe2 Nge7 8. h4 h5 9. Be3 d6 10. 0-0-0 Bd7 11. Kb1 0-0-0 12. Bxb6 axb6 13. f3 Qg6 14. Qf2 Ne5 15. g3 f5 16. Nd5 Nxd5 17. exd5 Qf7 18. Bh3 f4 19. Bxd7+ Rxd7 20. gxf4 Qxf4 21. Rdf1 Qc4 22. Qd4 Qxd4 23. Nxd4 Rf8 24. Rh3 Rdf7 25. Ne6 Nxf3 26. Kc1 Ne5 27. Rxf7 Rxf7 28. Rg3 g6 29. b3 b5 30. Kb2 c6 31. dxc6 bxc6 32. Rh3 b4 33. Ng5 Rf4 34. Kc1 Kd7 35. Kd2 Rf2+ 36. Kd1 Ke7 37. Kc1 Rg2 38. Kb1 c5 39. Ne4 Kd7 40. Nf6+ Kc6 41. Ne8 c4 42. bxc4 Nxc4 43. c3 Na3+ 44. Ka1 Rg1+ 0-1

[Event "DEN-ch U12 rapid"]
[Site "Odense"]
[Date "2022.09.30"]
[Round "2"]
[White "Repey, Egor"]
[Black "Andries, Leia"]
[Result "0-1"]
[WhiteElo "1542"]
[BlackElo "1597"]
[PlyCount "98"]
[EventDate "2022.09.30"]
[EventType "swiss"]
[EventRounds "7"]
[EventCountry "DEN"]
[SourceTitle "EXT 2024"]
[Source "ChessBase"]
[SourceDate "2023.10.10"]
[SourceVersion "1"]
[SourceVersionDate "2023.10.10"]
[SourceQuality "1"]

1. e4 c5 2. Nf3 e6 3. d4 cxd4 4. Nxd4 Nf6 5. Nc3 Nc6 6. Be3 Bb4 7. f3 d5 8. Bd3 Qc7 9. 0-0 Bc5 10. Bb5 0-0 11. Bxc6 bxc6 12. Kh1 Bxd4 13. Bxd4 e5 14. Bc5 Rd8 15. exd5 cxd5 16. b4 Ba6 17. Rf2 Bc4 18. a4 a5 19. Nb5 Bxb5 20. axb5 axb4 21. Bxb4 Qb6 22. Rxa8 Rxa8 23. Qf1 Rb8 24. g4 Qxb5 25. Qxb5 Rxb5 26. Be7 Nd7 27. Rd2 Nb6 28. Re2 Nc4 29. Bh4 f6 30. c3 Rb2 31. Rxb2 Nxb2 32. g5 Kf7 33. gxf6 gxf6 34. Kg1 f5 35. Kf1 f4 36. Bd8 Nc4 37. Bc7 Ke6 38. Ke2 Kf5 39. Kd3 Ke6 40. h3 Kd7 41. Bb8 Kc6 42. Ba7 Kb5 43. Bf2 Ka4 44. Be1 Kb3 45. Bd2 Nxd2 46. Kxd2 Kc4 47. h4 h5 48. Kc2 e4 49. Kd2 e3+ 0-1

[Event "Nordic-ch U16 Girls"]
[Site "Oslo"]
[Date "2022.05.14"]
[Round "3"]
[White "Selvik, Elma"]
[Black "Andries, Leia"]
[Result "0-1"]
[WhiteElo "1447"]
[BlackElo "1438"]
[PlyCount "130"]
[EventDate "2022.05.13"]
[EventType "swiss"]
[EventRounds "5"]
[EventCountry "NOR"]
[SourceTitle "EXT 2024"]
[Source "ChessBase"]
[SourceDate "2023.10.10"]
[SourceVersion "1"]
[SourceVersionDate "2023.10.10"]
[SourceQuality "1"]

1. d4 Nf6 2. c4 e6 3. Nf3 c5 4. g3 cxd4 5. Nxd4 d5 6. Bg2 e5 7. Nf3 d4 8. 0-0 Nc6 9. Bg5 Be7 10. Qc2 Bg4 11. h3 Bh5 12. Nbd2 Bg6 13. Qb3 Qc7 14. Nh4 0-0 15. Nxg6 hxg6 16. Bxf6 gxf6 17. Rac1 f5 18. e3 Rab8 19. Nf3 dxe3 20. Qxe3 e4 21. Nd2 Qe5 22. Qc3 Qxc3 23. bxc3 Ne5 24. Rb1 Rfc8 25. Rfe1 Nxc4 26. Nxc4 Rxc4 27. Rb3 Bf6 28. Rc1 b5 29. Bf1 Rc5 30. c4 Rbc8 31. Ra3 Bb2 32. Rac3 Bxc1 33. Rxc1 bxc4 34. Rc3 Kg7 35. Be2 Kf6 36. Kg2 a5 37. a4 R8c7 38. h4 Kg7 39. Kf1 Rb7 40. Rxc4 Rxc4 41. Bxc4 Rb4 42. Bb5 Rb2 43. Be8 Ra2 44. Bb5 f6 45. Ke1 Kh6 46. Kf1 g5 47. hxg5+ fxg5 48. Bc6 f4 49. gxf4 gxf4 50. Ke1 e3 51. fxe3 fxe3 52. Kf1 Kg5 53. Ke1 Kf4 54. Kf1 Kg3 55. Ke1 Rd2 56. Bb7 Rc2 57. Bd5 Kf4 58. Kd1 Rd2+ 59. Ke1 Rxd5 60. Ke2 Rd3 61. Kxd3 Kf3 62. Kc4 e2 63. Kb5 e1Q 64. Ka6 Ke4 65. Kb6 Qb4+ 0-1

[Event "EU-ch Online U12 Girls"]
[Site "Tornelo INT"]
[Date "2020.09.20"]
[Round "8"]
[White "Andries, Leia"]
[Black "Vukovic, Andjela"]
[Result "1-0"]
[WhiteElo "1281"]
[BlackElo "1134"]
[PlyCount "91"]
[EventDate "2020.09.18"]
[EventType "swiss (rapid)"]
[EventRounds "9"]
[EventCountry "NET"]
[SourceTitle "EXT 2023"]
[Source "ChessBase"]
[SourceDate "2022.10.05"]
[SourceVersion "1"]
[SourceVersionDate "2022.10.05"]
[SourceQuality "1"]
[WhiteTeam "Denmark"]
[BlackTeam "Montenegro"]
[WhiteTeamCountry "DEN"]
[BlackTeamCountry "MNE"]

1. e4 c5 2. Nc3 Nc6 3. Bb5 e6 4. Bxc6 bxc6 5. b3 d5 6. e5 g6 7. Nf3 Bg7 8. Bb2 Ne7 9. Qe2 a5 10. a4 0-0 11. 0-0 Ba6 12. d3 Nf5 13. Nd1 Qb6 14. Ne3 Nd4 15. Qd1 Nxf3+ 16. Qxf3 Qc7 17. Rfe1 d4 18. Ng4 h5 19. Nf6+ Kh8 20. Bc1 Bb7 21. Bg5 c4 22. Qf4 c5 23. Bh6 Qc6 24. f3 cxb3 25. cxb3 Ba6 26. Red1 Rab8 27. Rab1 Rb4 28. Ne4 Qb6 29. Rbc1 Rc8 30. Nd6 Rf8 31. Bxg7+ Kxg7 32. Qf6+ Kg8 33. Ne4 Rxb3 34. Nxc5 Rc8 35. Nxb3 Qxb3 36. Rb1 Qxa4 37. Ra1 Qb3 38. Rab1 Qa4 39. g4 Rc2 40. gxh5 Qa2 41. Rb8+ Bc8 42. Qg5 Kg7 43. Rbb1 Rxh2 44. Qf6+ Kh6 45. Qf4+ Kg7 46. Qxh2 1-0